Principles of Electronics (Record no. 21064)

MARC details
000 -LEADER
fixed length control field 00263nam a22001097a 4500
008 - FIXED-LENGTH DATA ELEMENTS--GENERAL INFORMATION
fixed length control field 250107b |||||||| |||| 00| 0 eng d
100 ## - MAIN ENTRY--AUTHOR NAME
Personal name D C Tayal
245 ## - TITLE STATEMENT
Title Principles of Electronics
260 ## - PUBLICATION, DISTRIBUTION, ETC. (IMPRINT)
Place of publication Delhi
Name of publisher Himalaya Pub
Year of publication 1988
300 ## - PHYSICAL DESCRIPTION
Number of Pages 262
942 ## - ADDED ENTRY ELEMENTS (KOHA)
Source of classification or shelving scheme Dewey Decimal Classification
Koha item type Books
Holdings
Accession Number Cost, normal purchase price Source of acquisition Price effective from Koha item type Withdrawn / writtenoff status Damaged status Not for loan Permanent Location Current Location Shelving location Date acquired Lost/ Missing status department
BB 1505 35.00 Donated By Rajinder Sharma 01/07/2025 Books       MIET Library, Jammu MIET Library, Jammu 101/4 01/03/2025   BB